书目信息 |
| 题名: |
Adobe的故事
|
|
| 作者: | 普菲菲纳 著 ;杜昌国 , 段理 译 | |
| 分册: | ||
| 出版信息: | 北京 中国科学技术出版社 2003.10 |
|
| 页数: | 247页 | |
| 开本: | 23cm | |
| 丛书名: | ||
| 单 册: | ||
| 中图分类: | G239.712.2 | |
| 科图分类: | ||
| 主题词: | 出版--公司--企业管理--经验--美国 , 企业管理 | |
| 电子资源: | ||
| ISBN: | 7-5046-3683-5 | |
| 000 | 00802nam0 2200253 45 | |
| 001 | 012004000000 | |
| 005 | 20041208152307.46 | |
| 010 | @a7-5046-3683-5@dCNY 50.00 | |
| 100 | @a20041110d2003 em y0chiy0121 ea | |
| 101 | 1 | @achi@ceng |
| 102 | @aCN@b110000 | |
| 105 | @aa z 000yy | |
| 200 | 1 | @aAdobe的故事@AAdobe de gu shi@e出版革命的先驱@f(美)帕梅拉·普菲菲纳著@g杜昌国, 段理等译 |
| 210 | @a北京@c中国科学技术出版社@c北京希望电子出版社@d2003.10 | |
| 215 | @a247页@c图@d23cm | |
| 517 | 1 | @a出版革命的先驱 |
| 606 | 0 | @a出版@x公司@x企业管理@x经验@y美国 |
| 606 | 0 | @a企业管理 |
| 690 | @aG239.712.2@v4 | |
| 701 | 1 | @a普菲菲纳@Apu fei fei nai@b帕梅拉@4著 |
| 702 | 0 | @a杜昌国@Adu chang guo@4译 |
| 702 | 0 | @a段理@Aduan li@4译 |
| 801 | 0 | @aCN@bQSSKxf@c20041208 |
| 905 | @a10447@dG239.712.2@eP030 | |
| Adobe的故事:出版革命的先驱/(美)帕梅拉·普菲菲纳著/杜昌国, 段理等译.-北京:中国科学技术出版社:北京希望电子出版社,2003.10 |
| 247页:图;23cm |
| ISBN 7-5046-3683-5:CNY 50.00 |
| ● |
| 相关链接 |
|
|
|
正题名:Adobe的故事
索取号:G239.712.2/P030
 
预约/预借
| 序号 | 登录号 | 条形码 | 馆藏地/架位号 | 状态 | 备注 |
| 1 | 431831 | 204318318 | 社科库409/409社科库 58排5列4层/ [索取号:G239.712.2/P030] | 在馆 |